Employment Growth and Labour Elasticity in V4 Countries: Structural Decomposition Analysis
Analýza determinantov rastu zamestnanosti v krajinách V4 pomocou nového prístupu štruktúrnej dekompozície; rozklad celkovej zmeny zamestnanosti na šesť faktorov. Výsledky vysvetľujú nízku elasticitu práce v krajinách Vyšehradskej štvorky a presahujú jednoduchý argument rastu produktivity práce.
Salvato in:
| Autore principale: | |
|---|---|
| Altri autori: | , |
| Natura: | Capitolo di libro |
| Lingua: | inglese |
| Soggetti: | |
| Tags: |
Nessun Tag, puoi essere il primo ad aggiungerne!!
|
MARC
| LEADER | 00000naa a2200000 4500 | ||
|---|---|---|---|
| 001 | 0236623 | ||
| 005 | 20250210123206.6 | ||
| 041 | 0 | |a eng | |
| 044 | |a CZ | ||
| 245 | 1 | 0 | |a Employment Growth and Labour Elasticity in V4 Countries: Structural Decomposition Analysis |c Martin Hudcovský, Martin Lábaj, Karol Morvay |
| 520 | |a Analýza determinantov rastu zamestnanosti v krajinách V4 pomocou nového prístupu štruktúrnej dekompozície; rozklad celkovej zmeny zamestnanosti na šesť faktorov. Výsledky vysvetľujú nízku elasticitu práce v krajinách Vyšehradskej štvorky a presahujú jednoduchý argument rastu produktivity práce. | ||
| 610 | 2 | 0 | |a zamestnanosť |
| 610 | 2 | 0 | |a práca |
| 610 | 2 | 0 | |a pružnosť |
| 610 | 2 | 0 | |a dekompozícia |
| 610 | 2 | 0 | |a metódy matematické |
| 610 | 2 | 0 | |a modely input-output |
| 610 | 2 | 0 | |a Vyšehradská štvorka |
| 610 | 2 | 0 | |a Slovensko |
| 610 | 2 | 0 | |a Česko |
| 610 | 2 | 0 | |a Maďarsko |
| 610 | 2 | 0 | |a Poľsko |
| 610 | 2 | 0 | |a dopyt po práci |
| 610 | 2 | 0 | |a ponuka práce |
| 100 | 1 | |a Hudcovský, Martin, 1988- | |
| 700 | 1 | |a Lábaj, Martin, 1982- | |
| 700 | 1 | |a Morvay, Karol, 1973- | |